000 00784nam a2200253Ia 4500
003 OSt
005 20221005063914.0
006 a|||||r|||| 00| 0
007 ta
008 221004b |||||||| |||| 00| 0 eng d
020 _a9781452274133
_c3472.15
024 _a19231
037 _bIN592, 17/03/2015, Bharatiya Sahitya Bhavana
_cTextual
040 _aCRL
_cCRL
_beng
041 _2eng
_aeng
082 _aR43W,8, Q5
100 _aBowman James S
245 0 _aPublic service ethics
_b Individual and institutional responsibilities
260 _aLos
_bAngeles Sage USA
_c2015
300 _axix,342p.
_ccm.
650 _aPHILOSOPHY
942 _hR43W,8, Q5
_cTEXL
_2cc
999 _c972102
_d972102